000
00327nam a2200121Ia 4500
008
220204s9999 xx 000 0 und d
082
_a
330.342.22
_b
CHE
245
4
_a
The underdevelopment of development
260
_a
New Delhi
_b
Sage Publications
_c
1996
700
_a
Chew, Sing C
700
_a
Denemark, Robert A
942
_c
BK
999
_c
41299
_d
41299